Loading...
| History - American History | 0 | 10 | 0 | 1 | 100 | 60 | 93.30 | 2 | 4 |
| History - World History | 0 | 10 | 1 | 1 | 95 | 69 | 102.80 | 1 | 1 |
| History - European History | 0 | 9 | 0 | 3 | 90 | 78 | 113.00 | 0 | 2 |
| Geography | 0 | 7 | 0 | 2 | 70 | 62 | 109.57 | 1 | 1 |
| Any History | 0 | 6 | 1 | 0 | 55 | 81 | 103.17 | 1 | 1 |
| Current Events | 0 | 5 | 0 | 1 | 50 | 56 | 89.20 | 0 | 0 |
| Social Science | 0 | 4 | 2 | 1 | 30 | 85 | 107.00 | 0 | 1 |
| Religion | 0 | 3 | 0 | 0 | 30 | 49 | 86.33 | 1 | 1 |
| Other Academic | 0 | 3 | 1 | 1 | 25 | 117 | 131.33 | 0 | 1 |
| Fine Arts - Other Fine Arts | 0 | 2 | 0 | 2 | 20 | 143 | 155.00 | 0 | 0 |
| Philosophy | 0 | 1 | 0 | 0 | 10 | 86 | 86.00 | 0 | 0 |
| Literature - American Literature | 0 | 1 | 0 | 0 | 10 | 132 | 132.00 | 0 | 0 |
| Fine Arts - Classical Music | 0 | 1 | 0 | 0 | 10 | 74 | 74.00 | 1 | 1 |
| Mythology | 0 | 1 | 0 | 1 | 10 | 145 | 145.00 | 0 | 0 |
| Science - Other Science | 0 | 1 | 1 | 0 | 5 | 115 | 115.00 | 0 | 0 |
| Science - Chemistry | 0 | 0 | 1 | 0 | -5 | 0.00 | 0 | 0 |